00000000nem##2200000za#4500
0019.547172
003CaOODSP
00520200326232515
007aj |a|||
008150406|2010||||xxc||||   a##f  |   eng|d
020 |a978-0-660-64052-5
022 |a1915-884X
040 |aCaOODSP|beng
041 |aeng
041 |afre
043 |an-cn---
0861 |aM116-2/052A06
1101 |aCanada.|bNatural Resources Canada. |bCentre for Topographic Information.
24510|aThunder Bay, Ontario : |h[cartographic material]|bThunder Bay District
250 |aEd. 08, version 00
255 |aScale 1:50,000
260 |aOttawa - Ontario : |bNatural Resources Canada. |c2010.
300 |a1 sheet. : |bcoloured map ; |c69 cm.
4901 |aCanadian topographic maps|x1915-884X|v52-A/6
500 |aSeries A751. Includes a legend.
590 |a10-22|b2010-06-04
7760#|tThunder Bay, Ontario : |w(CaOODSP)9.583344
792 |tThunder Bay, Ontario : |efre|w(CaOODSP)9.547173
830#0|aCanadian topographic maps,|x1915-884X|v52-A/6|w(CaOODSP)9.511450